| Tag |
First Indicator |
Second Indicator |
Subfields |
| LEADER |
00000cam a2200000 a 4500 |
| 001 |
in00002009621 |
| 005 |
20151031124029.0 |
| 007 |
cr un--------- |
| 008 |
040702s2004 gw a b 100 0 eng c |
| 016 |
7 |
|
|a 971351058
|2 GyFmDB
|
| 020 |
|
|
|a 3540222626
|
| 035 |
|
|
|a (OCoLC)ocm55807933
|
| 040 |
|
|
|a YUS
|c YUS
|d OHX
|d CGU
|d C$Q
|d OCLCQ
|d TXA
|d UtOrBLW
|
| 042 |
|
|
|a pcc
|
| 049 |
|
|
|a TXAM
|
| 050 |
|
4 |
|a TK5105.5
|b .H75 2004
|
| 072 |
|
7 |
|a TK
|2 lcco
|
| 111 |
2 |
|
|a HSNMC 2004
|d (2004 :
|c Toulouse, France)
|
| 245 |
1 |
0 |
|a High speed networks and multimedia communications :
|b 7th IEEE International Conference, HSNMC 2004, Toulouse, France, June 30-July 2, 2004 : proceedings /
|c Zoubir Mammeri, Pascal Lorenz (eds.).
|
| 246 |
3 |
0 |
|a HSNMC 2004
|
| 264 |
|
1 |
|a Berlin ;
|a New York :
|b Springer,
|c 2004.
|
| 300 |
|
|
|a xvii, 1103 pages :
|b illustrations ;
|c 24 cm.
|
| 336 |
|
|
|a text
|b txt
|2 rdacontent
|
| 337 |
|
|
|a computer
|b c
|2 rdamedia
|
| 338 |
|
|
|a online resource
|b cr
|2 rdacarrier
|
| 490 |
1 |
|
|a Lecture notes in computer science ;
|v 3079
|
| 530 |
|
|
|a Also issued online.
|
| 650 |
|
0 |
|a Computer networks
|v Congresses.
|
| 650 |
|
0 |
|a Multimedia systems
|v Congresses.
|
| 700 |
1 |
|
|a Mammeri, Zoubir.
|
| 700 |
1 |
|
|a Lorenz, Pascal,
|d 1965-
|
| 830 |
|
0 |
|a Lecture notes in computer science ;
|v 3079.
|
| 856 |
4 |
1 |
|u http://www.springerlink.com/openurl.asp?genre=issue&issn=0302-9743&volume=3079
|t 0
|
| 938 |
|
|
|a Otto Harrassowitz
|b HARR
|n har040077055
|c 111.28 EUR
|
| 948 |
|
|
|a cataloged
|b h
|c 2004/10/19
|d c
|e blrosas
|f 12:48:35 pm
|
| 994 |
|
|
|a C0
|b TXA
|
| 999 |
|
|
|a MARS
|
| 999 |
f |
f |
|s 2ba1e997-b9d3-3f0d-bd8c-fb7f6632cd9b
|i ce19c0f5-305d-3adc-874f-b9cf8e09b8b3
|t 0
|
| 952 |
f |
f |
|p ric
|a Texas A&M University
|b Rellis Campus
|c Joint Library Facility
|d Remote Storage
|t 0
|e TK5105.5 .H75 2004
|h Library of Congress classification
|i computer -- online resource
|m A14831382571
|
| 998 |
f |
f |
|a TK5105.5 .H75 2004
|t 0
|l Remote Storage
|